| 000 | 00917nam a2200277 a 4500 | ||
|---|---|---|---|
| 001 | 612940 | ||
| 003 | PILC | ||
| 005 | 20160213102948.0 | ||
| 008 | 911223s1991 ph a b 000 0 eng | ||
| 010 | _a 91945388 | ||
| 020 | _a9715100325 | ||
| 040 |
_aDLC _cDLC |
||
| 043 | _aa-ph--- | ||
| 050 | 0 | 0 |
_aHF 5549.2.P45 _b.A478 1991 |
| 100 | 1 |
_aAndres, Tomas Quintin D., _d1942- |
|
| 245 | 1 | 0 |
_aDeveloping positive behavior by Filipino values / _cby Tomas D. Andres. |
| 260 |
_aManila : _bDivine Word Publications, _c1991. |
||
| 300 |
_ax, 218 pages : _billustrations ; _c23 cm. |
||
| 500 | _aIncludes bibliographical references. | ||
| 650 | 0 |
_aPersonnel management _zPhilippines. |
|
| 650 | 0 |
_aEmployee motivation _zPhilippines. |
|
| 650 | 0 |
_aValues _zPhilippines. |
|
| 906 |
_a7 _bcbc _corignew _d3 _encip _f19 _gy-gencatlg |
||
| 942 |
_2lcc _cBK _kFIL |
||
| 999 |
_c290507 _d290507 |
||